| 000 | 00377nam a2200157Ia 4500 | ||
|---|---|---|---|
| 008 | 230312s9999||||xx |||||||||||||| ||und|| | ||
| 020 | _a81-312-0354-5 | ||
| 082 |
_a611.018 _bYOU-W |
||
| 100 | _aYoung,Barbara | ||
| 245 | 0 | _aWheater's Functional Histology | |
| 260 |
_bElsevier _aIndia _c2010 |
||
| 300 | _a437 | ||
| 546 | _aEng. | ||
| 650 |
_aMedical _vHistology |
||
| 942 | _cBK | ||
| 999 |
_c5264 _d5264 |
||